Normal view
MARC view
- الصهونية - النزاع العربي الاسرائيلي- تاريخ
Entry Topical Term
001 - CONTROL NUMBER
- control field: 50873
003 - CONTROL NUMBER IDENTIFIER
- control field: JO-AjAnu
005 - DATE AND TIME OF LATEST TRANSACTION
- control field: 20230606082355.0
008 - FIXED-LENGTH DATA ELEMENTS
- fixed length control field: 230606|| aca||aabn | a|a d
040 ## - CATALOGING SOURCE
- Original cataloging agency: JO-AjAnu
- Transcribing agency: JO-AjAnu
150 ## - HEADING--TOPICAL TERM
- Topical term or geographic name entry element: الصهونية - النزاع العربي الاسرائيلي- تاريخ
670 ## - SOURCE DATA FOUND
- Source citation: Work cat.: (JO-AjAnu)26004: تاليف الزرو، نواف, author 50872, قراءات استراتيجية في مستقبل الصراع العربي - الصهيوني